Novelas completas [de Anatole France] /

Spremljeno u:
Bibliografski detalji
Glavni autor: France, Anatole (autor)
Format: Knjiga
Jezik:španjolski
Izdano: Madrid, España : Aguilar, 1946, c1946
Teme:
Oznake: Dodaj oznaku
Bez oznaka, Budi prvi tko označuje ovaj zapis!

MARC

LEADER 00000nam^a2200000^a^4500
001 000096386
005 20250521000000.0
009 20260310092943.114
037 |a Acervo ITESO - Biblioteca 
041 |a ESP 
082 |a 848.  |b FRA 
100 |a France, Anatole  |e (autor) 
245 1 0 |a Novelas completas [de Anatole France] /  |c A. France ; pról. y tr. por Luis Ruiz Contreras. 
264 4 |a Madrid, España :  |b Aguilar,  |c 1946, c1946 
300 |a 2 v. (XLVII, 1344, 1449 p.) 
336 |a texto  |b txt  |2 rdacontenido 
337 |a sin mediación  |b n  |2 rdamedio 
338 |a volumen  |b nc  |2 rdasoporte 
545 0 |a Anatole France (París, 1844 – Saint-Cyr-sur-Loire, 1924), seudónimo de François Anatole Thibault, escritor francés. Hijo del librero François Noël Thibault, comenzó su carrera como periodista en 1867 y formó parte del movimiento poético del parnasianismo, aunque su producción se centró después en la narrativa. France, quien había sido nombrado bibliotecario del Senado (1876-90), alcanzó el reconocimiento como novelista con El crimen de un académico (1881) y sumó elogios y lectores con Tais (1890), inspirada en la vida de Santa Thais, la cortesana egipcia conversa al cristianismo; Las opiniones de Jerónimo Coignard (1893), en la que captura la atmósfera de fin de siglo, o La azucena roja (1894), relato amoroso ambientado en París y en Florencia. Miembro de la Academia Francesa (1896), se sumó a Emile Zola en la defensa de la inocencia del capitán Alfred Dreyfus, acusado de alta traición y apresado en la Isla del Diablo (1894-1906), y abordó en El señor Bergeret en París (1901), entrega final de su tetralogía Historia contemporánea (1897-1901), el célebre caso del militar de origen judío. Otros de sus títulos más destacados son la alegoría satírica La isla de los pingüinos (1908); la biografía La vie de Jeanne d’Arc (1908) y Los dioses tienen sed (1912), novela situada durante los años del Terror. Simpatizó con la Revolución Rusa (1917) y también mantuvo cercanía, no exenta de crítica, con el comunismo y el socialismo franceses, además de considerar injusto el Tratado de Versalles (1919). Escritor de una erudición refinada y gran elegancia, fue uno de los mayores representantes del racionalismo francés en su generación y se le consideró en su día el prototipo del hombre de letras. Recibió el Premio Nobel de Literatura en 1921. 
586 |a Premio Nobel de Literatura 1921 
649 |a XX 
650 |a Escritores Franceses -  |x Memorias 
650 |a Memorias Francesas 
650 |a Cuentos Franceses 
650 |a Novela Francesa 
650 |a Literatura Autobiográfica -  |z Francia 
650 |a Literatura Francesa -  |y Siglo XIX 
650 |a Literatura Francesa -  |y Siglo XX 
600 |a France, Anatole 
910 |a Fondo Jesús Rodríguez 
920 |a Impresos - Libros 
930 |a Fondos Especiales 
940 |a Literatura 
905 |a 113 
901 |a 0500032490  |b IT2  |c ESP  |u 20250521 
901 |a 0500032492  |b IT2  |c ESP  |u 20250521 
902 |a https://opac.biblio.iteso.mx/vufind/Record/000096386